000 00548nam a2200193Ia 4500
005 20260114185843.0
008 008 260114s9999 xx 000 0 eng d
020 _a9781474211574
037 _aEBOOK
040 _aCRL
_beng
_cCRL
041 _aeng
_2eng
084 _qCRL
100 _aMaureen Moran
_9875208
245 0 _aVictorian Literature and Culture
260 _bBloomsbury
_c2006
856 _uhttps://doi.org/10.5040/9781474211574?locatt=label:secondary_bloomsburyCollections
942 _cEBOOK
999 _c1474142
_d1474142